NOVÉ ÚDAJE O KINETIKE SUBSTITUČNÝCH REAKCIÍ A O VZÁJOMNOM VPLYVE KOORDINOVANÝCH SKUPÍN

Bibliographic Details
Main Author: Grinberg, Aleksandr Abramovič, 1898-1966 (Author)
Format: Article
Language:Slovak

MARC

LEADER 00000nab a2200000uu 4500
001 vtls010874566
003 SK-MaSNL
005 20260303162949.0
008 230303|1959 xo |||||||||||||||||slo|
015 |a SNBRB 
035 |a (urnnbn)urn:nbn:sk:snk:ar-005x3n 
035 |a (uuid)7ed17a7a-747a-4e46-89bb-5f03799d4600 
035 |a urn:nbn:sk:snk-ab7ocn 
040 |a SNKBUCL  |b slo  |c SNKBUCL  |e AACR2 
041 0 |a slo 
044 |a xo  |c SK 
100 1 |a Grinberg, Aleksandr Abramovič,  |d 1898-1966  |4 aut  |9 1186768 
245 1 0 |a NOVÉ ÚDAJE O KINETIKE SUBSTITUČNÝCH REAKCIÍ A O VZÁJOMNOM VPLYVE KOORDINOVANÝCH SKUPÍN  |c A.A. Grinberg 
773 0 |t Chemické zvesti  |g Roč. 13, č. 4 (1959), s. [201]-223 
954 |a odborná, vedecká literatúra cudzojazyčná (svetová)  |2 lita 
958 |a EUIPO 
958 |a OND 
958 |a article8 
999 |c 2058039  |d 2059969